000 00913cam a2200289 a 4500
999 _c126745
_d126745
001 4242043
003 ARRUPE
005 20170824091436.0
008 830907s1984 cau b s001 0 eng
010 _a 83018223
020 _a0520050436
040 _aDLC
_cDLC
_dDLC
050 0 0 _aBJ1475
_b.N62 1984
082 0 0 _a170
_219
100 1 _aNoddings, Nel.
_934961
245 1 0 _aCaring, a feminine approach to ethics & moral education /
_cNel Noddings.
260 _aBerkeley :
_bUniversity of California Press,
_cc1984.
300 _axi, 216 p. ;
_c24 cm.
500 _aIncludes index.
504 _aBibliography: p. 203-211.
650 0 _aCaring.
_xMoral and ethical aspects
_935139
650 0 _aEthics.
_935140
650 0 _aWomen
_xPsychology.
_935141
650 0 _aMoral education.
_935142
906 _a7
_bcbc
_corignew
_d1
_eocip
_f19
_gy-gencatlg
942 _2lcc
_cMONOGRAPH